[Event "Hillerod Skjold Burne op"]
[Site "Hillerod"]
[Date "2017.10.16"]
[Round "1"]
[White "Petersen, Albert Emil Lyng"]
[Black "Nygaard, Soren"]
[Result "1-0"]
[WhiteElo "1668"]
[BlackElo "1767"]
[PlyCount "81"]
[EventDate "2017.10.03"]
[EventType "swiss"]
[EventRounds "4"]
[EventCountry "DEN"]
[SourceTitle "EXT 2024"]
[Source "ChessBase"]
[SourceDate "2023.10.10"]
[SourceVersion "1"]
[SourceVersionDate "2023.10.10"]
[SourceQuality "1"]

1. e4 c5 2. Nc3 Nc6 3. Bc4 e5 4. d3 Be7 5. f4 Nf6 6. Nf3 d6 7. 0-0 0-0 8. h3 Be6 9. Bxe6 fxe6 10. fxe5 dxe5 11. Be3 a6 12. Ng5 Qd6 13. Na4 Nd4 14. c3 b5 15. Nxc5 Qxc5 16. Nxe6 Nxe6 17. Bxc5 Bxc5+ 18. Kh2 Rad8 19. b4 Bb6 20. Qb3 Rfe8 21. c4 Nd4 22. Qc3 bxc4 23. Qxc4+ Ne6 24. Qxa6 Bd4 25. Rac1 Nf4 26. Rc7 Ra8 27. Qc4+ Kh8 28. Rxf4 exf4 29. Qxd4 Rxa2 30. e5 Nh5 31. Qd7 Raa8 32. e6 Rg8 33. b5 Nf6 34. Qc6 Rad8 35. e7 Rxd3 36. Rc8 Re3 37. Rxg8+ Kxg8 38. Qc4+ Kh8 39. Qc8+ Ng8 40. e8Q Rxe8 41. Qxe8 1-0

[Event "Hillerod Byturnering C"]
[Site "Hillerod"]
[Date "2016.06.14"]
[Round "6"]
[White "Jorgensen, Orla Eilegaard"]
[Black "Petersen, Albert Emil Lyng"]
[Result "0-1"]
[WhiteElo "1661"]
[BlackElo "1725"]
[PlyCount "22"]
[EventDate "2016.04.26"]
[EventType "tourn"]
[EventRounds "7"]
[EventCountry "DEN"]
[SourceTitle "EXT 2024"]
[Source "ChessBase"]
[SourceDate "2023.10.10"]
[SourceVersion "1"]
[SourceVersionDate "2023.10.10"]
[SourceQuality "1"]

1. e4 c5 2. Nf3 Nc6 3. d4 cxd4 4. Nxd4 g6 5. f4 Bg7 6. e5 d6 7. Bb5 Bd7 8. 0-0 dxe5 9. fxe5 Nxd4 10. Rxf7 Bxb5 11. Rf2 Ne2+ 0-1

[Event "Hillerod Byturnering C"]
[Site "Hillerod"]
[Date "2016.05.10"]
[Round "2"]
[White "Petersen, Albert Emil Lyng"]
[Black "Larsen, Daniel"]
[Result "1-0"]
[WhiteElo "1725"]
[BlackElo "1655"]
[PlyCount "43"]
[EventDate "2016.04.26"]
[EventType "tourn"]
[EventRounds "7"]
[EventCountry "DEN"]
[SourceTitle "EXT 2024"]
[Source "ChessBase"]
[SourceDate "2023.10.10"]
[SourceVersion "1"]
[SourceVersionDate "2023.10.10"]
[SourceQuality "1"]

1. e4 c5 2. Nf3 d6 3. Bc4 Nf6 4. Nc3 a6 5. a3 e6 6. d3 b5 7. Ba2 Bb7 8. 0-0 Be7 9. h3 0-0 10. Nh2 d5 11. e5 Nfd7 12. f4 f6 13. Qg4 Qb6 14. Nxd5 Bxd5 15. Bxd5 exd5 16. e6 f5 17. Qe2 Nf6 18. g4 c4+ 19. Kh1 g6 20. gxf5 gxf5 21. Qe5 Nh5 22. Rg1+ 1-0

[Event "Varde Weekend-C"]
[Site "Varde"]
[Date "2016.05.01"]
[Round "5"]
[White "Hojland, Jeppe"]
[Black "Petersen, Albert Emil Lyng"]
[Result "0-1"]
[WhiteElo "1291"]
[BlackElo "1617"]
[PlyCount "114"]
[EventDate "2016.04.16"]
[EventType "swiss"]
[EventRounds "5"]
[EventCountry "DEN"]
[SourceTitle "EXT 2023"]
[Source "ChessBase"]
[SourceDate "2022.10.05"]
[SourceVersion "1"]
[SourceVersionDate "2022.10.05"]
[SourceQuality "1"]

1. c4 Nf6 2. Nc3 g6 3. g3 Bg7 4. Bg2 d6 5. Nf3 0-0 6. 0-0 Nc6 7. Rb1 a5 8. a3 Bf5 9. d3 Qd7 10. b4 axb4 11. axb4 e5 12. b5 Ne7 13. Ng5 Rab8 14. Be3 h6 15. Nge4 Nxe4 16. Nxe4 Bh3 17. Qd2 Bxg2 18. Kxg2 f5 19. Nc3 f4 20. Ba7 Ra8 21. b6 c6 22. Ne4 Rf5 23. c5 d5 24. Nd6 Rh5 25. h4 g5 26. Rh1 gxh4 27. Rh3 Nf5 28. Nxf5 Qxf5 29. Rbh1 fxg3 30. fxg3 Rf8 31. Qe3 d4 32. Qf3 Qg6 33. Qe4 Qxe4+ 34. dxe4 Bf6 35. gxh4 Be7 36. Rg3+ Kh7 37. Rg4 Bxc5 38. Kg3 Be7 39. Rh2 c5 40. Kh3 c4 41. Rhg2 Rf7 42. Bb8 Bf6 43. Rf2 c3 44. Bd6 c2 45. Ba3 Rf8 46. Rf1 Be7 47. Rxf8 Bxf8 48. Bb2 Bc5 49. Rg1 Be7 50. Rg4 Bg5 51. Kg3 c1Q 52. Bxc1 Bxc1 53. Kf3 Ba3 54. Kg3 Bc5 55. Kh3 Bxb6 56. Rg1 Bd8 57. Rg4 b5 0-1

[Event "Varde Weekend-C"]
[Site "Varde"]
[Date "2016.04.30"]
[Round "2"]
[White "Callesen, John"]
[Black "Petersen, Albert Emil Lyng"]
[Result "1/2-1/2"]
[WhiteElo "1552"]
[BlackElo "1617"]
[PlyCount "105"]
[EventDate "2016.04.16"]
[EventType "swiss"]
[EventRounds "5"]
[EventCountry "DEN"]
[SourceTitle "EXT 2023"]
[Source "ChessBase"]
[SourceDate "2022.10.05"]
[SourceVersion "1"]
[SourceVersionDate "2022.10.05"]
[SourceQuality "1"]

1. c4 Nf6 2. g3 g6 3. Bg2 Bg7 4. Nc3 0-0 5. Nf3 d6 6. d4 Nc6 7. 0-0 e5 8. dxe5 Nxe5 9. Nxe5 dxe5 10. Qc2 c6 11. Rd1 Qb6 12. Be3 Qc7 13. Bc5 Re8 14. Rd2 Bf5 15. e4 Be6 16. b3 b6 17. Bd6 Qc8 18. Bxe5 Nxe4 19. Bxg7 Nxd2 20. Bh6 Nxc4 21. bxc4 Bxc4 22. Ne4 Qe6 23. Qc3 Qe5 24. Qxe5 Rxe5 25. Nf6+ Kh8 26. Bxc6 Rd8 27. Be3 Rxe3 28. fxe3 Rd6 29. Nxh7 Kxh7 30. Bf3 Rd3 31. Be2 Rc3 32. Bxc4 Rxc4 33. h3 Rc2 34. a4 Kg7 35. Rf1 Rc3 36. Rd1 Rxe3 37. Kf2 Re4 38. Ra1 f5 39. Kf3 Kf6 40. h4 Rb4 41. Ra3 Ke5 42. Re3+ Re4 43. Ra3 Kd5 44. Rd3+ Rd4 45. Rxd4+ Kxd4 46. Kf4 a6 47. Kg5 b5 48. axb5 axb5 49. Kxg6 b4 50. h5 b3 51. h6 b2 52. h7 b1Q 53. h8Q+ 1/2-1/2

[Event "DEN-ch Kort 2"]
[Site "Svendborg"]
[Date "2016.03.21"]
[Round "5"]
[White "Jorgensen, Orla Eilegaard"]
[Black "Petersen, Albert Emil Lyng"]
[Result "1/2-1/2"]
[WhiteElo "1653"]
[BlackElo "1737"]
[PlyCount "38"]
[EventDate "2016.03.19"]
[EventType "swiss"]
[EventRounds "5"]
[EventCountry "DEN"]
[SourceTitle "EXT 2023"]
[Source "ChessBase"]
[SourceDate "2022.10.05"]
[SourceVersion "1"]
[SourceVersionDate "2022.10.05"]
[SourceQuality "1"]

1. Nf3 Nf6 2. g3 g6 3. Bg2 Bg7 4. d4 d6 5. c4 0-0 6. Nc3 Nc6 7. 0-0 Ne8 8. e4 e5 9. d5 Ne7 10. Bg5 f6 11. Be3 f5 12. exf5 Bxf5 13. Nh4 Bd7 14. Qd2 Rf7 15. Bh6 Bh8 16. Ne4 Ng7 17. Ng5 Rf6 18. Ne4 Rf7 19. Ng5 Rf6 1/2-1/2

[Event "Hillerod Byturnering E"]
[Site "Hillerod"]
[Date "2015.??.??"]
[Round "5"]
[White "Holm, Erik"]
[Black "Petersen, Albert Emil Lyng"]
[Result "0-1"]
[WhiteElo "1417"]
[BlackElo "1528"]
[PlyCount "112"]
[EventDate "2015.04.28"]
[EventType "swiss"]
[EventRounds "7"]
[EventCountry "DEN"]
[SourceTitle "EXT 2024"]
[Source "ChessBase"]
[SourceDate "2023.10.10"]
[SourceVersion "1"]
[SourceVersionDate "2023.10.10"]
[SourceQuality "1"]

1. e4 c5 2. Nf3 Nc6 3. d4 cxd4 4. Nxd4 g6 5. Nc3 Bg7 6. Be3 Nf6 7. h3 0-0 8. Be2 d6 9. 0-0 Bd7 10. Qd2 a6 11. Nd5 Nxe4 12. Qd3 Nc5 13. Qd2 Nxd4 14. Bxd4 Bxd4 15. Qxd4 Ne6 16. Qh4 Re8 17. Qg3 Nd4 18. Bd3 Bf5 19. Rae1 e6 20. Ne3 Bxd3 21. cxd3 d5 22. Qe5 Nc6 23. Qf4 Rc8 24. Ng4 f5 25. Ne5 Nxe5 26. Qxe5 Qc7 27. Qxc7 Rxc7 28. Re2 e5 29. f4 e4 30. dxe4 dxe4 31. g4 Rd8 32. g5 Rd3 33. h4 Rh3 34. Rh2 Rxh2 35. Kxh2 Rc2+ 36. Kg1 Rxb2 37. Ra1 Rc2 38. a4 Kf7 39. Rb1 Rc7 40. Kf2 Ke6 41. Ke3 Rc3+ 42. Kd2 Rd3+ 43. Ke2 Rd7 44. Ke3 Kd6 45. Ke2 Kc6 46. Ke3 b5 47. axb5+ axb5 48. Ke2 Rd4 49. Kf2 Kc5 50. Ra1 b4 51. Ra7 b3 52. Rxh7 Rd6 53. Rb7 Rb6 54. Rc7+ Kb4 55. Rc1 b2 56. Rb1 Ka3 0-1

[Event "Hillerod op"]
[Site "Hillerod"]
[Date "2014.??.??"]
[Round "3"]
[White "Petersen, Albert Emil Lyng"]
[Black "Holm, Henrik"]
[Result "1/2-1/2"]
[WhiteElo "1572"]
[BlackElo "1810"]
[PlyCount "98"]
[EventDate "2014.08.26"]
[EventType "swiss"]
[EventRounds "7"]
[EventCountry "DEN"]
[SourceTitle "EXT 2024"]
[Source "ChessBase"]
[SourceDate "2023.10.10"]
[SourceVersion "1"]
[SourceVersionDate "2023.10.10"]
[SourceQuality "1"]

1. e4 e5 2. Nf3 Nf6 3. Nxe5 d6 4. Nf3 Nxe4 5. Qe2 Qe7 6. d3 Nf6 7. Bg5 Qxe2+ 8. Bxe2 Be7 9. Nc3 0-0 10. 0-0-0 c6 11. Ne4 Nbd7 12. Nfd2 d5 13. Nxf6+ Bxf6 14. Bxf6 Nxf6 15. Rdg1 Re8 16. Bf3 Bg4 17. h3 Bxf3 18. Nxf3 Re2 19. Rf1 Rae8 20. Nd4 R2e5 21. b4 g6 22. Kd2 Kf8 23. Re1 a6 24. f4 R5e7 25. Rxe7 Rxe7 26. Re1 Rxe1 27. Kxe1 Nh5 28. f5 Ke7 29. fxg6 hxg6 30. Kf2 Kd6 31. g4 Nf6 32. c4 dxc4 33. dxc4 Ne4+ 34. Ke3 Nc3 35. a3 c5 36. Nc2 b6 37. h4 Ke5 38. Ne1 cxb4 39. axb4 a5 40. bxa5 bxa5 41. h5 Nd1+ 42. Kd2 gxh5 43. gxh5 Nb2 44. Kc3 Na4+ 45. Kb3 Nc5+ 46. Kc3 Ne4+ 47. Kb3 Nc5+ 48. Kc3 Ne4+ 49. Kb3 Nc5+ 1/2-1/2

[Event "Hillerod op"]
[Site "Hillerod"]
[Date "2014.??.??"]
[Round "4"]
[White "Petersen, Albert Emil Lyng"]
[Black "Jorgensen, Orla Eilegaard"]
[Result "0-1"]
[WhiteElo "1572"]
[BlackElo "1551"]
[PlyCount "72"]
[EventDate "2014.08.26"]
[EventType "swiss"]
[EventRounds "7"]
[EventCountry "DEN"]
[SourceTitle "EXT 2024"]
[Source "ChessBase"]
[SourceDate "2023.10.10"]
[SourceVersion "1"]
[SourceVersionDate "2023.10.10"]
[SourceQuality "1"]

1. e4 e5 2. Nf3 Nc6 3. Bc4 f5 4. Nc3 fxe4 5. Ng1 Nf6 6. Nd5 Bc5 7. Nh3 h6 8. 0-0 d6 9. Kh1 Bxh3 10. Nxf6+ Qxf6 11. Qh5+ Ke7 12. Qxh3 Nd4 13. c3 Nc2 14. Rb1 e3 15. dxe3 e4 16. Bb3 Ne1 17. Rxe1 Qxf2 18. Rg1 Rae8 19. Bc4 Rhf8 20. Qe6+ Kd8 21. Qd5 Re5 22. Qd2 Qf6 23. Qd1 Rf5 24. Bd2 Qe5 25. Qg4 d5 26. Bb3 Bd6 27. Qh4+ Kc8 28. Bd1 Kb8 29. Bg4 g5 30. Qh3 R5f7 31. Be1 h5 32. Be2 g4 33. Qg3 Qg5 34. Qh4 Qxe3 35. Bb5 a6 36. Ba4 Qxg1+ 0-1

[Event "Hillerod op"]
[Site "Hillerod"]
[Date "2014.??.??"]
[Round "7"]
[White "Petersen, Albert Emil Lyng"]
[Black "Pedersen, Jan2222"]
[Result "0-1"]
[WhiteElo "1572"]
[BlackElo "1542"]
[PlyCount "80"]
[EventDate "2014.08.26"]
[EventType "swiss"]
[EventRounds "7"]
[EventCountry "DEN"]
[SourceTitle "EXT 2024"]
[Source "ChessBase"]
[SourceDate "2023.10.10"]
[SourceVersion "1"]
[SourceVersionDate "2023.10.10"]
[SourceQuality "1"]

1. e4 e5 2. Nf3 Nc6 3. Bc4 Be7 4. 0-0 Nf6 5. d3 0-0 6. Be3 d6 7. Qc1 Ng4 8. Bg5 Na5 9. Bb3 Nxb3 10. axb3 f5 11. Bxe7 Qxe7 12. Nc3 f4 13. Nd5 Qf7 14. Qd2 c6 15. Nb6 Be6 16. Nxa8 Rxa8 17. h3 Nf6 18. Ng5 Qd7 19. Nxe6 Qxe6 20. Qb4 Qd7 21. Ra3 c5 22. Qc4+ Kf8 23. Qc3 f3 24. Qd2 fxg2 25. Kxg2 Nh5 26. Qe3 Nf4+ 27. Kh2 a6 28. c3 Re8 29. d4 Qc8 30. Rg1 Re6 31. Raa1 Rh6 32. Rg3 Nh5 33. Rg4 Nf4 34. Rag1 Rxh3+ 35. Qxh3 Nxh3 36. Rxg7 Qe6 37. d5 Qh6 38. Rg8+ Kf7 39. R8g7+ Kf6 40. Rd7 Nf4+ 0-1

[Event "Politiken Cup 35th"]
[Site "Helsingor"]
[Date "2013.07.31"]
[Round "6"]
[White "Petersen, Albert Emil Lyng"]
[Black "Kearsley, Raymond J"]
[Result "0-1"]
[WhiteElo "1533"]
[BlackElo "1764"]
[PlyCount "88"]
[EventDate "2013.07.27"]
[EventType "swiss"]
[EventRounds "10"]
[EventCountry "DEN"]
[SourceTitle "CBM 155 Extra"]
[Source "ChessBase"]
[SourceDate "2013.08.26"]
[SourceVersion "1"]
[SourceVersionDate "2013.08.26"]
[SourceQuality "1"]

1. e4 c5 2. b3 Nc6 3. Nf3 d6 4. Bb2 Nf6 5. Nc3 g6 6. Nd5 Bg7 7. Bc4 e6 8. Bxf6 Bxf6 9. Nxf6+ Qxf6 10. c3 0-0 11. d4 Rd8 12. 0-0 b6 13. d5 exd5 14. Bxd5 Bb7 15. c4 Rac8 16. Qd2 Rc7 17. Qg5 Qxg5 18. Nxg5 Nd4 19. f4 Bxd5 20. exd5 Re7 21. Rae1 Rde8 22. Rxe7 Rxe7 23. Kf2 Re2+ 24. Kg3 Rxa2 25. Re1 h6 26. Re8+ Kg7 27. Ne4 Nf5+ 28. Kh3 Rb2 29. Rd8 Rxb3+ 30. g3 Rb4 31. Nxd6 Nxd6 32. Rxd6 Rxc4 33. Rd7 Rd4 34. d6 Kf6 35. Rxa7 Rxd6 36. Rc7 Ke6 37. Kg4 f5+ 38. Kf3 Kd5 39. Ke3 Kc4 40. h3 b5 41. g4 Rd3+ 42. Ke2 Rxh3 43. gxf5 gxf5 44. Kd2 Rf3 0-1

[Event "Nordea Cup-D"]
[Site "Hillerod"]
[Date "2013.05.21"]
[Round "4"]
[White "Sorensen, Bernhard"]
[Black "Petersen, Albert Emil Lyng"]
[Result "0-1"]
[WhiteElo "1429"]
[BlackElo "1385"]
[PlyCount "86"]
[EventDate "2013.04.30"]
[EventType "tourn"]
[EventRounds "7"]
[EventCountry "DEN"]
[SourceTitle "EXT 2023"]
[Source "ChessBase"]
[SourceDate "2022.10.05"]
[SourceVersion "1"]
[SourceVersionDate "2022.10.05"]
[SourceQuality "1"]

1. e4 c5 2. Nf3 Nf6 3. d4 cxd4 4. Nxd4 g6 5. Nc3 Bg7 6. Be3 Nc6 7. f3 Qb6 8. Qd2 Qxb2 9. Rb1 Qa3 10. Ncb5 Qxa2 11. Qd1 0-0 12. Nb3 Nb4 13. Kd2 Qa6 14. Bc5 Qc6 15. Bxb4 Nxe4+ 16. fxe4 Bh6+ 17. Ke1 Qxe4+ 18. Qe2 Qxb4+ 19. Kd1 d5 20. h3 Bf5 21. N5d4 Be4 22. Qe1 Qb6 23. Rh2 e5 24. Nb5 Rac8 25. Nc3 Qc7 26. g4 Qxc3 27. Qxc3 Rxc3 28. Na5 b6 29. Nb7 d4 30. Nd6 f5 31. Nb5 Rf3 32. Bc4+ Kh8 33. Nxa7 Bf4 34. Re2 Rxh3 35. gxf5 Bf3 36. Ke1 Bxe2 37. Bxe2 Bg3+ 38. Kd2 Rxf5 39. Rxb6 Bf4+ 40. Ke1 Rh1+ 41. Kf2 Be3+ 42. Kg2 Rg1+ 43. Kh2 Rf4 0-1

[Event "Nordea Cup-D"]
[Site "Hillerod"]
[Date "2013.05.14"]
[Round "3"]
[White "Hein, Jacob"]
[Black "Petersen, Albert Emil Lyng"]
[Result "1-0"]
[WhiteElo "1459"]
[BlackElo "1385"]
[PlyCount "145"]
[EventDate "2013.04.30"]
[EventType "tourn"]
[EventRounds "7"]
[EventCountry "DEN"]
[SourceTitle "EXT 2023"]
[Source "ChessBase"]
[SourceDate "2022.10.05"]
[SourceVersion "1"]
[SourceVersionDate "2022.10.05"]
[SourceQuality "1"]

1. e4 c5 2. c3 Nc6 3. Bc4 g6 4. d4 b6 5. Qf3 e6 6. Ne2 Bg7 7. Be3 Nf6 8. e5 Ng8 9. Bd3 Bb7 10. Be4 Nge7 11. dxc5 bxc5 12. Bxc5 Nxe5 13. Qf4 Bxe4 14. Qxe4 d5 15. Qa4+ Qd7 16. Qxd7+ Kxd7 17. 0-0 Nf5 18. Rd1 Rhc8 19. Ba3 Rab8 20. b3 Rc6 21. Nd4 Nxd4 22. cxd4 Ng4 23. h3 Nf6 24. Nd2 Rbc8 25. Bc5 Bf8 26. b4 Bd6 27. a3 Ne8 28. Bxa7 Ra8 29. Bc5 Rca6 30. b5 Ra5 31. b6 Bxc5 32. dxc5 Rxc5 33. b7 Rb8 34. Rdb1 Nd6 35. Nb3 Rb5 36. a4 R5xb7 37. Nc5+ Kc6 38. Nxb7 Rxb7 39. Rc1+ Nc4 40. a5 Ra7 41. a6 Kd6 42. Rcb1 Kc6 43. Rb8 e5 44. g3 Nd6 45. Kf1 e4 46. Ke2 d4 47. Rbb1 f5 48. Rc1+ Kd5 49. Ra5+ Ke6 50. Rc6 Kd7 51. Rcc5 g5 52. Rd5 d3+ 53. Kd2 Ke6 54. Re5+ Kf6 55. Rec5 h6 56. Rc6 Ke7 57. Rd5 Ne8 58. Rxf5 Nd6 59. Rd5 Nf7 60. g4 Kf8 61. Rb5 Nd8 62. Rxh6 Rc7 63. Rh8+ Ke7 64. Re5+ Kd7 65. Rd5+ Ke6 66. Rhxd8 Rc2+ 67. Ke3 Re2+ 68. Kd4 d2 69. Kc3 d1Q 70. Rxd1 Ra2 71. R8d6+ Ke5 72. R1d5+ Kf4 73. Rf6# 1-0

[Event "DEN-ch Kort 1-2"]
[Site "Helsingor"]
[Date "2013.03.25"]
[Round "5"]
[White "Werner, Jakob"]
[Black "Petersen, Albert Emil Lyng"]
[Result "1-0"]
[WhiteElo "1621"]
[BlackElo "1274"]
[PlyCount "53"]
[EventDate "2013.03.23"]
[EventType "swiss"]
[EventRounds "5"]
[EventCountry "DEN"]
[SourceTitle "EXT 2023"]
[Source "ChessBase"]
[SourceDate "2022.10.05"]
[SourceVersion "1"]
[SourceVersionDate "2022.10.05"]
[SourceQuality "1"]

1. d4 Nf6 2. c4 g6 3. Nc3 d6 4. e4 Bg7 5. f3 Nbd7 6. Be3 0-0 7. Qd2 c5 8. dxc5 dxc5 9. 0-0-0 b6 10. Nge2 Ba6 11. Ng3 Ne5 12. Qe1 Qc7 13. Nd5 Qb7 14. Bf4 Nc6 15. h4 Nxd5 16. exd5 Nd4 17. h5 Qd7 18. b3 b5 19. h6 Bf6 20. Ne4 Bh8 21. Nxc5 Qf5 22. Qe4 Qf6 23. Rxd4 Qxd4 24. Qxd4 Bxd4 25. Nxa6 bxc4 26. bxc4 f6 27. Nc7 1-0